[Why do poor countries choose low human rights?] [some lessons from Burma]
Salvato in:
| Autore principale: | |
|---|---|
| Natura: | Libro |
| Lingua: | inglese |
| Pubblicazione: |
Berlin
Freie Universität Berlin
1999
|
| Soggetti: | |
| Tags: |
Nessun Tag, puoi essere il primo ad aggiungerne!!
|
MARC
| LEADER | 00000nam a2200000 4500 | ||
|---|---|---|---|
| 001 | c125113 | ||
| 005 | 20221221083935.3 | ||
| 041 | 0 | |a eng | |
| 044 | |a DE | ||
| 245 | 1 | 0 | |a [Why do poor countries choose low human rights?] |b [some lessons from Burma] |c Stefan Collignon |
| 264 | 1 | |a Berlin |b Freie Universität Berlin |c 1999 | |
| 300 | |a 68 s. | ||
| 610 | 2 | 0 | |a práva ľudské |
| 610 | 2 | 0 | |a chudoba |
| 610 | 2 | 0 | |a úroveň životná |
| 610 | 2 | 0 | |a legislatíva |
| 610 | 2 | 0 | |a potreby sociálne |
| 610 | 2 | 0 | |a normy sociálne |
| 610 | 2 | 0 | |a zákony |
| 610 | 2 | 0 | |a peniaze |
| 610 | 2 | 0 | |a rast hospodársky |
| 610 | 2 | 0 | |a úver |
| 610 | 2 | 0 | |a demokracia |
| 610 | 2 | 0 | |a modely |
| 610 | 2 | 0 | |a Thajsko |
| 610 | 2 | 0 | |a Burma |
| 100 | 1 | |a Collignon, Stefan | |